<?xml version="1.0" encoding="UTF-8"?>
<record
    xmlns:xsi="http://www.w3.org/2001/XMLSchema-instance"
    xsi:schemaLocation="http://www.loc.gov/MARC21/slim http://www.loc.gov/standards/marcxml/schema/MARC21slim.xsd"
    xmlns="http://www.loc.gov/MARC21/slim">

  <leader>01192nam a22002537a 4500</leader>
  <controlfield tag="008">100722s2004    xxu||||| |||| 00| 0 ara d</controlfield>
  <datafield tag="020" ind1=" " ind2=" ">
    <subfield code="a">9771750271</subfield>
  </datafield>
  <datafield tag="082" ind1=" " ind2=" ">
    <subfield code="2">22</subfield>
    <subfield code="a">231.8</subfield>
    <subfield code="b">&#x647;&#x640; &#x648; &#x627;</subfield>
  </datafield>
  <datafield tag="100" ind1="1" ind2=" ">
    <subfield code="9">16647</subfield>
    <subfield code="a">&#x647;&#x648;&#x627;&#x64A;&#x62A; &#x60C; &#x627;&#x644;&#x646;</subfield>
  </datafield>
  <datafield tag="245" ind1=" " ind2=" ">
    <subfield code="a">&#x627;&#x644;&#x635;&#x631;&#x627;&#x639; &#x627;&#x644;&#x639;&#x638;&#x64A;&#x645; :</subfield>
    <subfield code="b">&#x628;&#x64A;&#x646; &#x627;&#x644;&#x62D;&#x642; &#x648;&#x627;&#x644;&#x628;&#x627;&#x637;&#x644; /</subfield>
    <subfield code="c">&#x627;&#x644;&#x646; &#x647;&#x648;&#x627;&#x64A;&#x62A; &#x61B; &#x62A;&#x631;&#x62C;&#x645;&#x629; &#x627;&#x633;&#x62D;&#x642; &#x641;&#x631;&#x62C; &#x627;&#x644;&#x644;&#x647; &#x61B; &#x62A;&#x646;&#x642;&#x64A;&#x62D; &#x623;&#x646;&#x637;&#x648;&#x627;&#x646; &#x639;&#x628;&#x64A;&#x62F;</subfield>
  </datafield>
  <datafield tag="250" ind1=" " ind2=" ">
    <subfield code="a">&#x637;4.</subfield>
  </datafield>
  <datafield tag="260" ind1=" " ind2=" ">
    <subfield code="a">&#x628;&#x64A;&#x631;&#x648;&#x62A; :</subfield>
    <subfield code="b">&#x62F;&#x627;&#x631; &#x627;&#x644;&#x634;&#x631;&#x642; &#x627;&#x644;&#x648;&#x633;&#x637; &#x60C;</subfield>
    <subfield code="c">2004.</subfield>
  </datafield>
  <datafield tag="300" ind1=" " ind2=" ">
    <subfield code="a">780 &#x635; &#x61B;</subfield>
    <subfield code="c">24 &#x633;&#x645;.</subfield>
  </datafield>
  <datafield tag="504" ind1=" " ind2=" ">
    <subfield code="a">&#x64A;&#x62D;&#x62A;&#x648;&#x649; &#x639;&#x644;&#x649; &#x625;&#x631;&#x62C;&#x627;&#x639;&#x627;&#x62A; &#x628;&#x628;&#x644;&#x64A;&#x648;&#x62C;&#x631;&#x627;&#x641;&#x64A;&#x629;</subfield>
  </datafield>
  <datafield tag="541" ind1=" " ind2=" ">
    <subfield code="a">&#x623;&#x644;&#x641; &#x628;&#x627;&#x621; &#x61B;</subfield>
    <subfield code="c">&#x634;&#x631;&#x627;&#x621; &#x61B;</subfield>
  </datafield>
  <datafield tag="650" ind1=" " ind2=" ">
    <subfield code="9">16650</subfield>
    <subfield code="a">&#x627;&#x644;&#x645;&#x633;&#x64A;&#x62D;&#x64A;&#x629;</subfield>
    <subfield code="x">&#x62A;&#x627;&#x631;&#x64A;&#x62E;</subfield>
  </datafield>
  <datafield tag="650" ind1=" " ind2=" ">
    <subfield code="9">16651</subfield>
    <subfield code="a">&#x627;&#x644;&#x62D;&#x64A;&#x627;&#x629; &#x627;&#x644;&#x631;&#x648;&#x62D;&#x64A;&#x629;</subfield>
  </datafield>
  <datafield tag="650" ind1=" " ind2=" ">
    <subfield code="9">16652</subfield>
    <subfield code="a">&#x627;&#x644;&#x62E;&#x64A;&#x631; &#x648;&#x627;&#x644;&#x634;&#x631;</subfield>
    <subfield code="x">&#x641;&#x644;&#x633;&#x641;&#x629; &#x648;&#x646;&#x638;&#x631;&#x64A;&#x627;&#x62A;</subfield>
  </datafield>
  <datafield tag="650" ind1=" " ind2=" ">
    <subfield code="9">16653</subfield>
    <subfield code="a">&#x627;&#x644;&#x62E;&#x64A;&#x631; &#x648;&#x627;&#x644;&#x634;&#x631;</subfield>
    <subfield code="x">&#x62A;&#x627;&#x631;&#x64A;&#x62E;</subfield>
  </datafield>
  <datafield tag="700" ind1=" " ind2=" ">
    <subfield code="9">16648</subfield>
    <subfield code="a">&#x641;&#x631;&#x62C; &#x627;&#x644;&#x644;&#x647; &#x60C; &#x627;&#x633;&#x62D;&#x642;</subfield>
    <subfield code="e">&#x62A;&#x631;&#x62C;&#x645;&#x629;</subfield>
  </datafield>
  <datafield tag="700" ind1=" " ind2=" ">
    <subfield code="9">16649</subfield>
    <subfield code="a">&#x639;&#x628;&#x64A;&#x62F; &#x60C; &#x623;&#x646;&#x637;&#x648;&#x627;&#x646;</subfield>
    <subfield code="e">&#x62A;&#x646;&#x642;&#x64A;&#x62D;</subfield>
  </datafield>
  <datafield tag="942" ind1=" " ind2=" ">
    <subfield code="2">ddc</subfield>
    <subfield code="c">BB</subfield>
  </datafield>
  <datafield tag="999" ind1=" " ind2=" ">
    <subfield code="c">14527</subfield>
    <subfield code="d">14527</subfield>
  </datafield>
  <datafield tag="952" ind1=" " ind2=" ">
    <subfield code="0">0</subfield>
    <subfield code="1">0</subfield>
    <subfield code="2">ddc</subfield>
    <subfield code="4">0</subfield>
    <subfield code="7">0</subfield>
    <subfield code="8">Alef-Baa</subfield>
    <subfield code="a">MAIN</subfield>
    <subfield code="b">MAIN</subfield>
    <subfield code="c">LOW</subfield>
    <subfield code="d">2010-07-22</subfield>
    <subfield code="e">purchase</subfield>
    <subfield code="o">231.8 &#x647; &#x648; &#x627;</subfield>
    <subfield code="p">000021583</subfield>
    <subfield code="r">2025-07-15 00:00:00</subfield>
    <subfield code="y">BB</subfield>
  </datafield>
</record>
